Top 25 NBA Players 2012-13 season - Statistics

General Stats
  • This quiz has been taken 14 times
  • The average score is 13 of 25
Answer Stats
Rank Player EFF % Correct
2 Kevin Durant 30.4
100%
1 LeBron James 32.2
100%
7 Chris Paul 23.8
92%
4 James Harden 24.0
85%
3 Kobe Bryant 24.6
85%
13 Dwight Howard 22.2
77%
12 Stephen Curry 22.4
77%
16 Blake Griffin 21.5
69%
9 Carmelo Anthony 23.2
69%
21 Kyrie Irving 20.0
69%
6 Tim Duncan 23.8
69%
18 Tony Parker 21.2
69%
20 Marc Gasol 20.5
62%
22 DeMarcus Cousins 20.0
54%
8 Al Horford 23.5
38%
10 LaMarcus Aldridge 22.8
31%
17 Al Jefferson 21.3
23%
25 Brook Lopez 19.7
23%
5 David Lee 23.8
23%
15 Joakim Noah 21.8
23%
24 Josh Smith 19.8
15%
14 Dwayne Wade 21.9
8%
23 Greg Monroe 20.0
8%
19 Nikola Vučević 20.8
8%
11 Russel Westbrook 22.6
8%
No matching quizzes found
Score Distribution
Percent of People with Each Score
Percentile by Number Answered
Your Score History
You have not taken this quiz